≡ Keyboard Alt Codes ≡ - Statistics

General Stats
  • This quiz has been taken 12 times
  • The average score is 12 of 17
Answer Stats
Code Answer % Correct
ALT+0169 Copyright
100%
ALT+64 At
80%
ALT+0162 Cent
80%
ALT+0176 Degree
80%
ALT+13 Eighth Note
80%
ALT+0128 Euro
80%
ALT+3 Heart
80%
ALT+236 Infinity
80%
ALT+6 Spade
80%
ALT+251 Square Root
80%
ALT+171 Half
60%
ALT+20 Paragraph
60%
ALT+15 Sun
60%
ALT+0153 Trademark
60%
ALT+30 Triangle
60%
ALT+0134 Dagger
40%
ALT+0165 Yen
40%
No matching quizzes found
Score Distribution
Percent of People with Each Score
Percentile by Number Answered
Your Score History
You have not taken this quiz